[Event "Landesliga Nord 1516"]
[Site "Bayern"]
[Date "2015.11.15"]
[Round "3.6"]
[White "Seidens, Udo"]
[Black "Tiller, Jaroslav"]
[Result "1-0"]
[WhiteElo "2161"]
[BlackElo "1998"]
[PlyCount "71"]
[EventDate "2015.10.11"]
[EventType "team-tourn"]
[EventRounds "9"]
[EventCountry "GER"]
[SourceTitle "EXT 2018"]
[Source "ChessBase"]
[SourceDate "2017.10.13"]
[SourceVersion "1"]
[SourceVersionDate "2017.10.13"]
[SourceQuality "1"]
[WhiteTeam "Schweinfurt"]
[BlackTeam "Bindlach Aktionaer II"]
[WhiteTeamCountry "GER"]
[BlackTeamCountry "GER"]

1. c4 Nf6 2. g3 g6 3. Bg2 Bg7 4. Nc3 0-0 5. e3 d6 6. Nge2 e5 7. 0-0 Re8 8. d3 Nc6 9. Rb1 Be6 10. Nd5 Qd7 11. f4 Bg4 12. f5 Nxd5 13. cxd5 Nb8 14. f6 Bf8 15. Rf2 c6 16. e4 a5 17. Be3 Na6 18. Qd2 Bxe2 19. Bh6 Kh8 20. Rxe2 Nc5 21. Rf1 cxd5 22. exd5 Qg4 23. Be3 Qb4 24. Rc1 Qxd2 25. Rxd2 h5 26. g4 hxg4 27. Rc4 e4 28. dxe4 b5 29. Rxc5 dxc5 30. d6 Rad8 31. Bf4 Kh7 32. d7 Re6 33. Bc7 Rxd7 34. Rxd7 Rxf6 35. e5 Rf5 36. e6 1-0

[Event "Landesliga Nord 1415"]
[Site "Bayern"]
[Date "2014.11.09"]
[Round "2.7"]
[White "Tiller, Jaroslav"]
[Black "Link, Klaus"]
[Result "1/2-1/2"]
[WhiteElo "1998"]
[BlackElo "1932"]
[PlyCount "50"]
[EventDate "2014.10.19"]
[EventType "team-tourn"]
[EventRounds "9"]
[EventCountry "GER"]
[SourceTitle "EXT 2018"]
[Source "ChessBase"]
[SourceDate "2017.10.13"]
[SourceVersion "1"]
[SourceVersionDate "2017.10.13"]
[SourceQuality "1"]
[WhiteTeam "Bindlach Aktionaer II"]
[BlackTeam "Klingenberg"]
[WhiteTeamCountry "GER"]
[BlackTeamCountry "GER"]

1. d4 Nf6 2. Nf3 e6 3. b3 d5 4. Bb2 Be7 5. e3 0-0 6. Bd3 Nbd7 7. Nbd2 b6 8. 0-0 Bb7 9. c4 dxc4 10. bxc4 c5 11. Qb3 Qc7 12. Rad1 Rfe8 13. Rfe1 Rad8 14. Qc2 h6 15. a3 cxd4 16. exd4 Qb8 17. Ne4 Nxe4 18. Bxe4 Bxe4 19. Qxe4 Bf6 20. Qe2 Nf8 21. h3 Ng6 22. g3 Ne7 23. Ne5 Bxe5 24. dxe5 Rxd1 25. Rxd1 Rd8 1/2-1/2

[Event "Landesliga Nord 1314"]
[Site "Bayern"]
[Date "2013.12.15"]
[Round "4.7"]
[White "Tiller, Jaroslav"]
[Black "Brumm, Carsten"]
[Result "1/2-1/2"]
[WhiteElo "2154"]
[BlackElo "2242"]
[PlyCount "60"]
[EventDate "2013.10.13"]
[EventType "team"]
[EventRounds "9"]
[EventCountry "GER"]
[SourceTitle "EXT 2015"]
[Source "ChessBase"]
[SourceDate "2014.11.20"]
[SourceVersion "1"]
[SourceVersionDate "2014.11.20"]
[SourceQuality "1"]
[WhiteTeam "Bindlach II"]
[BlackTeam "Erlangen"]
[WhiteTeamCountry "GER"]
[BlackTeamCountry "GER"]

1. d4 d5 2. Bf4 Nf6 3. e3 Bf5 4. Bd3 Bxd3 5. Qxd3 c6 6. Nf3 e6 7. Nbd2 Bd6 8. Bxd6 Qxd6 9. 0-0 Nbd7 10. c4 0-0 11. Rac1 Rfe8 12. Qb3 Rab8 13. Rfd1 h6 14. Qc2 Rbd8 15. a3 Qb8 16. b4 e5 17. cxd5 Nxd5 18. dxe5 Nxe5 19. Nxe5 Qxe5 20. Nf3 Qe7 21. Rd3 Nf6 22. Rcd1 a6 23. h3 Rxd3 24. Qxd3 c5 25. Qc4 Ne4 26. bxc5 Nxc5 27. Rc1 Ne4 28. a4 b5 29. axb5 Nd6 30. Qb4 Nxb5 1/2-1/2

[Event "Landesliga Nord 1213"]
[Site "Bayern"]
[Date "2013.02.24"]
[Round "7.6"]
[White "Buecker, Florian"]
[Black "Tiller, Jaroslav"]
[Result "1-0"]
[WhiteElo "2030"]
[BlackElo "1979"]
[PlyCount "85"]
[EventDate "2012.10.14"]
[EventType "team-tourn"]
[EventRounds "9"]
[EventCountry "GER"]
[SourceTitle "EXT 2015"]
[Source "ChessBase"]
[SourceDate "2014.11.20"]
[SourceVersion "1"]
[SourceVersionDate "2014.11.20"]
[SourceQuality "1"]
[WhiteTeam "Bamberg"]
[BlackTeam "Bindlach II"]
[WhiteTeamCountry "GER"]
[BlackTeamCountry "GER"]

1. d4 Nf6 2. Nf3 d6 3. c4 Bg4 4. Nbd2 Nbd7 5. g3 e5 6. Qc2 c6 7. Bg2 Be7 8. 0-0 0-0 9. b3 Qc7 10. Bb2 Ne8 11. Rfe1 f5 12. dxe5 dxe5 13. h3 Bh5 14. Rad1 a5 15. Nf1 Bg6 16. Qc1 h6 17. Ba3 Nc5 18. Qe3 Ne4 19. Bxe7 Qxe7 20. Nh4 Bh7 21. Nxf5 Bxf5 22. Bxe4 Bxh3 23. Bg2 Bxg2 24. Kxg2 Nf6 25. Nh2 e4 26. Rd2 Rad8 27. Red1 Rxd2 28. Rxd2 Rd8 29. Rxd8+ Qxd8 30. Qf4 Qd7 31. Nf1 b5 32. cxb5 cxb5 33. Ne3 a4 34. Nf5 axb3 35. axb3 Qe6 36. b4 Kh7 37. e3 Nd5 38. Qg4 g6 39. Nxh6 Qe7 40. Nf5 Qxb4 41. Qh4+ Kg8 42. Qd8+ Kh7 43. Qd7+ 1-0

[Event "Landesliga Nord 1112"]
[Site "Bayern"]
[Date "2012.03.18"]
[Round "8.5"]
[White "Tiller, Jaroslav"]
[Black "Ter Akopyan, Bagrat"]
[Result "1/2-1/2"]
[WhiteElo "2044"]
[BlackElo "2050"]
[PlyCount "91"]
[EventDate "2011.10.02"]
[EventType "team-tourn"]
[EventRounds "9"]
[EventCountry "GER"]
[SourceTitle "EXT 2015"]
[Source "ChessBase"]
[SourceDate "2014.11.20"]
[SourceVersion "1"]
[SourceVersionDate "2014.11.20"]
[SourceQuality "1"]
[WhiteTeam "Bindlach II"]
[BlackTeam "Puschendorf"]
[WhiteTeamCountry "GER"]
[BlackTeamCountry "GER"]

1. d4 Nf6 2. Nf3 g6 3. Bg5 Bg7 4. c3 d6 5. Nbd2 0-0 6. e4 c5 7. dxc5 dxc5 8. Bc4 Nc6 9. Qe2 Na5 10. Bd3 Be6 11. 0-0 Qc7 12. Nc4 Rfd8 13. Nxa5 Qxa5 14. Rfd1 Bg4 15. h3 Bxf3 16. Qxf3 Qc7 17. Bc2 Nd7 18. Qe2 Nf8 19. Bb3 h6 20. Be3 Qe5 21. Qf3 Ne6 22. Rd5 Qc7 23. Rad1 c4 24. Bc2 b6 25. Ba4 Rxd5 26. Rxd5 Rd8 27. Qd1 a6 28. Rd7 Rxd7 29. Qxd7 b5 30. Qxc7 Nxc7 31. Bc2 h5 32. a3 Kf8 33. f4 Ke8 34. Kf2 Kd7 35. f5 gxf5 36. exf5 Nd5 37. Ba7 Bh6 38. Be4 e6 39. fxe6+ Kxe6 40. Bxd5+ Kxd5 41. Be3 Bg7 42. Kf3 Be5 43. g4 hxg4+ 44. hxg4 Bd6 45. Bb6 Be5 46. Bd8 1/2-1/2

[Event "Landesliga Nord 1112"]
[Site "Bayern"]
[Date "2011.10.02"]
[Round "1.6"]
[White "Oechslein, Rainer"]
[Black "Tiller, Jaroslav"]
[Result "1-0"]
[WhiteElo "2139"]
[BlackElo "2044"]
[PlyCount "47"]
[EventDate "2011.10.02"]
[EventType "team-tourn"]
[EventRounds "9"]
[EventCountry "GER"]
[SourceTitle "EXT 2013"]
[Source "ChessBase"]
[SourceDate "2012.11.22"]
[SourceVersion "1"]
[SourceVersionDate "2012.11.22"]
[SourceQuality "1"]
[WhiteTeam "Schweinfurt"]
[BlackTeam "Bindlach II"]
[WhiteTeamCountry "GER"]
[BlackTeamCountry "GER"]

1. e4 c5 2. Nf3 e6 3. d3 d6 4. g3 Nf6 5. Bg2 Be7 6. 0-0 0-0 7. c3 Nc6 8. Re1 e5 9. Nbd2 Re8 10. Nf1 Bf8 11. h3 h6 12. Ne3 g6 13. Nh2 Bg7 14. f4 Bd7 15. Rf1 Qc8 16. f5 g5 17. h4 gxh4 18. gxh4 Kh7 19. Neg4 Ng8 20. f6 Bf8 21. Ne3 Bh3 22. Bxh3 Qxh3 23. Nf5 Nxf6 24. Rf3 1-0

[Event "Landesliga Nord 1011"]
[Site "Bayern"]
[Date "2010.10.24"]
[Round "2.7"]
[White "Tiller, Jaroslav"]
[Black "Liebl, Korbinian"]
[Result "1-0"]
[WhiteElo "2044"]
[BlackElo "1892"]
[PlyCount "103"]
[EventDate "2010.10.10"]
[EventType "team-tourn"]
[EventRounds "9"]
[EventCountry "GER"]
[SourceTitle "EXT 2012"]
[Source "ChessBase"]
[SourceDate "2011.11.24"]
[SourceVersion "1"]
[SourceVersionDate "2011.11.24"]
[SourceQuality "1"]
[WhiteTeam "Bindlach II"]
[BlackTeam "Koetzting"]
[WhiteTeamCountry "GER"]
[BlackTeamCountry "GER"]

1. d4 Nf6 2. Nf3 g6 3. c4 Bg7 4. Nc3 0-0 5. e4 d6 6. h3 e5 7. d5 Na6 8. Bg5 Qe8 9. g4 Nd7 10. Rg1 Ndc5 11. Be2 Bd7 12. Qd2 Na4 13. Nxa4 Bxa4 14. Bh6 Nc5 15. Bxg7 Kxg7 16. Qe3 a5 17. h4 Bd7 18. h5 Rb8 19. Nd2 b5 20. Rh1 Rh8 21. 0-0-0 bxc4 22. Nxc4 Bb5 23. hxg6 hxg6 24. Rxh8 Qxh8 25. Nxa5 Bxe2 26. Qxe2 Qh6+ 27. Kb1 Na4 28. Nb3 Qf4 29. Rh1 Rh8 30. Rxh8 Kxh8 31. a3 Kg7 32. Ka2 Nb6 33. Nd2 f5 34. gxf5 gxf5 35. f3 Kf6 36. b3 Ke7 37. a4 fxe4 38. fxe4 Qf8 39. Kb2 Qb8 40. Qb5 Qa8 41. a5 Nd7 42. b4 Qa7 43. Qd3 Nb8 44. Nb3 c6 45. Ka3 Qa8 46. Qc4 Qb7 47. dxc6 Nxc6 48. b5 Nd8 49. Qd5 Qxd5 50. exd5 Kd7 51. Kb4 Kc7 52. Nd2 1-0

[Event "Regionalliga NW 0910"]
[Site "Bayern"]
[Date "2010.03.21"]
[Round "8.4"]
[White "Tiller, Jaroslav"]
[Black "Shashkin, Igor"]
[Result "0-1"]
[WhiteElo "2087"]
[BlackElo "2067"]
[PlyCount "138"]
[EventDate "2009.10.18"]
[EventType "team-tourn"]
[EventRounds "9"]
[EventCountry "GER"]
[SourceTitle "EXT 2011"]
[Source "ChessBase"]
[SourceDate "2010.11.26"]
[SourceVersion "1"]
[SourceVersionDate "2010.11.26"]
[SourceQuality "1"]
[WhiteTeam "Bindlach II"]
[BlackTeam "Hof"]
[WhiteTeamCountry "GER"]
[BlackTeamCountry "GER"]

1. d4 Nf6 2. Nf3 g6 3. Bg5 Bg7 4. c3 d6 5. Nbd2 Nbd7 6. e4 e5 7. dxe5 dxe5 8. Bc4 Qe7 9. Qc2 c6 10. 0-0-0 h6 11. Bxf6 Nxf6 12. Bb3 b5 13. Rhe1 0-0 14. Nf1 Nd7 15. Qd2 Nc5 16. Bc2 Nb7 17. Kb1 Be6 18. Qe3 Na5 19. b3 c5 20. Qe2 c4 21. Ne3 cxb3 22. axb3 Bxb3 23. Bxb3 Nxb3 24. Nd5 Qb7 25. Qa2 Nc5 26. Rd2 Kh7 27. g4 Na4 28. Qb3 Qc6 29. Red1 Rac8 30. Rc1 Nb6 31. Ra2 Qd7 32. Ne3 Nc4 33. Rd1 Qe6 34. Rxa7 Ra8 35. Rxa8 Rxa8 36. Nxc4 bxc4 37. Qb7 Qe8 38. Kc1 Qa4 39. Qb2 Bf8 40. Qc2 Ba3+ 41. Kd2 Rd8+ 42. Nd4 Qd7 43. Ke1 exd4 44. Rxd4 Qc7 45. Rxd8 Qxd8 46. Qa4 Bc1 47. Qxc4 Qd2+ 48. Kf1 Qd1+ 49. Kg2 Qxg4+ 50. Kf1 Qf3 51. Qd5 Be3 52. Qa2 Bc5 53. e5 Kg7 54. e6 Qh1+ 55. Ke2 Qe4+ 56. Kd2 Qxe6 57. c4 Bxf2 58. Qb2+ Qf6 59. Qb5 Qd4+ 60. Ke2 Qe3+ 61. Kf1 Qc5 62. Qb3 Bd4 63. Ke2 Qe5+ 64. Kf3 Qxh2 65. Qb5 Qe5 66. Qb3 h5 67. Qd3 h4 68. Kg4 f5+ 69. Kh3 Qe3+ 0-1

[Event "Regionalliga NW 0910"]
[Site "Bayern"]
[Date "2010.02.07"]
[Round "6.4"]
[White "Tiller, Jaroslav"]
[Black "Horther, Heinrich"]
[Result "1/2-1/2"]
[WhiteElo "2087"]
[BlackElo "1980"]
[PlyCount "46"]
[EventDate "2009.10.18"]
[EventType "team-tourn"]
[EventRounds "9"]
[EventCountry "GER"]
[SourceTitle "EXT 2011"]
[Source "ChessBase"]
[SourceDate "2010.11.26"]
[SourceVersion "1"]
[SourceVersionDate "2010.11.26"]
[SourceQuality "1"]
[WhiteTeam "Bindlach II"]
[BlackTeam "Kronach"]
[WhiteTeamCountry "GER"]
[BlackTeamCountry "GER"]

1. d4 e6 2. e4 d5 3. exd5 exd5 4. Bd3 Nc6 5. c3 Bd6 6. Qf3 Nge7 7. Bf4 Bxf4 8. Qxf4 Ng6 9. Qg3 Nce7 10. Ne2 Bf5 11. Nd2 Bxd3 12. Qxd3 Qd6 13. g3 0-0 14. 0-0 Rfe8 15. Rae1 Qd7 16. Nc1 Nf5 17. Qf3 c6 18. Nd3 b6 19. Qg4 f6 20. h4 Nf8 21. Nf4 Nd6 22. Qxd7 Nxd7 23. f3 Kf7 1/2-1/2

[Event "Regionalliga NW 0910"]
[Site "Bayern"]
[Date "2010.01.24"]
[Round "5.5"]
[White "Chalus, Karel"]
[Black "Tiller, Jaroslav"]
[Result "0-1"]
[WhiteElo "2066"]
[BlackElo "2087"]
[PlyCount "94"]
[EventDate "2009.10.18"]
[EventType "team-tourn"]
[EventRounds "9"]
[EventCountry "GER"]
[SourceTitle "EXT 2011"]
[Source "ChessBase"]
[SourceDate "2010.11.26"]
[SourceVersion "1"]
[SourceVersionDate "2010.11.26"]
[SourceQuality "1"]
[WhiteTeam "Kirchenlaibach"]
[BlackTeam "Bindlach II"]
[WhiteTeamCountry "GER"]
[BlackTeamCountry "GER"]

1. e4 c5 2. Nf3 e6 3. d4 cxd4 4. Nxd4 a6 5. g3 Nf6 6. e5 Qa5+ 7. c3 Qxe5+ 8. Be2 Qc7 9. 0-0 Be7 10. Nd2 b6 11. Nc4 d6 12. a4 Nbd7 13. Ne3 Bb7 14. c4 0-0 15. a5 Ne5 16. Bd2 Nc6 17. axb6 Qxb6 18. Ndc2 Ne4 19. Be1 f5 20. f3 Ng5 21. h4 Nf7 22. Bf2 Qc7 23. b4 Bf6 24. Rb1 Nce5 25. Nd4 Qe7 26. f4 Nc6 27. Nf3 Ncd8 28. Qc2 Be4 29. Qb3 Bxb1 30. Rxb1 Nc6 31. Qd3 Rfb8 32. Nc2 d5 33. Bc5 Qd7 34. Qe3 Nd6 35. Rd1 Ne4 36. cxd5 exd5 37. Bc4 Kh8 38. Rxd5 Qc7 39. Rxf5 Nxg3 40. Rxf6 gxf6 41. Qe6 Nh5 42. Bd5 Rg8+ 43. Kf1 Rac8 44. Bd6 Qg7 45. Ne3 Rce8 46. Qh3 Rxe3 47. Kf2 Rc3 0-1

[Event "Regionalliga NW 0910"]
[Site "Bayern"]
[Date "2009.10.18"]
[Round "1.3"]
[White "Wilfert, Andre"]
[Black "Tiller, Jaroslav"]
[Result "1/2-1/2"]
[WhiteElo "2002"]
[BlackElo "2087"]
[PlyCount "39"]
[EventDate "2009.10.18"]
[EventType "team-tourn"]
[EventRounds "9"]
[EventCountry "GER"]
[SourceTitle "EXT 2011"]
[Source "ChessBase"]
[SourceDate "2010.11.26"]
[SourceVersion "1"]
[SourceVersionDate "2010.11.26"]
[SourceQuality "1"]
[WhiteTeam "Marktleuthen"]
[BlackTeam "Bindlach II"]
[WhiteTeamCountry "GER"]
[BlackTeamCountry "GER"]

1. e4 c5 2. Nf3 e6 3. d4 cxd4 4. Nxd4 a6 5. Be2 Nf6 6. Nc3 Qc7 7. 0-0 Be7 8. a4 0-0 9. Be3 d6 10. f4 b6 11. g4 Bb7 12. Bf3 Nc6 13. Nxc6 Bxc6 14. g5 Nd7 15. Qe1 b5 16. axb5 axb5 17. Qe2 b4 18. Na2 Qb7 19. Qc4 Rfb8 20. Rfd1 1/2-1/2

[Event "Regionalliga NW 0809"]
[Site "Bayern"]
[Date "2009.03.01"]
[Round "7.6"]
[White "Tiller, Jaroslav"]
[Black "Kuespert, Helmut"]
[Result "1-0"]
[WhiteElo "2051"]
[BlackElo "1940"]
[PlyCount "113"]
[EventDate "2008.10.05"]
[EventType "team-tourn"]
[EventRounds "9"]
[EventCountry "GER"]
[SourceTitle "EXT 2020"]
[Source "ChessBase"]
[SourceDate "2019.10.17"]
[SourceVersion "1"]
[SourceVersionDate "2019.10.17"]
[SourceQuality "1"]
[WhiteTeam "Bindlach II"]
[BlackTeam "Marktleuthen"]
[WhiteTeamCountry "GER"]
[BlackTeamCountry "GER"]

1. d4 Nf6 2. Nf3 c5 3. e3 e6 4. b3 b6 5. Bb2 Bb7 6. Nbd2 d6 7. Bd3 Nbd7 8. 0-0 Be7 9. Qe2 a6 10. c4 Qc7 11. Rac1 0-0 12. e4 cxd4 13. Nxd4 Rfe8 14. Kh1 Rac8 15. f4 Qb8 16. N4f3 Nc5 17. Bb1 Qa8 18. Rce1 h6 19. Ba1 a5 20. a3 Red8 21. e5 Nfd7 22. b4 axb4 23. axb4 Na6 24. exd6 Bxd6 25. Qd3 Nf8 26. b5 Bb4 27. Qe2 Bxd2 28. Nxd2 Bxg2+ 29. Qxg2 Qxg2+ 30. Kxg2 Rxd2+ 31. Rf2 Rxf2+ 32. Kxf2 Nb4 33. Re4 Rd8 34. Ke2 f5 35. Rd4 Ra8 36. Bc3 Na2 37. Bb2 Kf7 38. Rd6 Ra4 39. Kd3 Nb4+ 40. Kc3 g5 41. fxg5 Na2+ 42. Kb3 Rb4+ 43. Kxa2 Rxc4 44. gxh6 Rh4 45. Be5 f4 46. Rd2 Rxh6 47. Bxf4 Rh5 48. Bd3 Ke7 49. h4 Rd5 50. Bc4 Rxd2+ 51. Bxd2 Nd7 52. Be3 Kd6 53. Kb2 e5 54. Kc3 Kc7 55. h5 Nf6 56. h6 Kb7 57. Bg8 1-0

[Event "Regionalliga NW 0809"]
[Site "Bayern"]
[Date "2008.11.30"]
[Round "3.5"]
[White "Tiller, Jaroslav"]
[Black "Becker, Alexander1"]
[Result "1/2-1/2"]
[WhiteElo "2051"]
[BlackElo "1992"]
[PlyCount "50"]
[EventDate "2008.10.05"]
[EventType "team-tourn"]
[EventRounds "9"]
[EventCountry "GER"]
[SourceTitle "EXT 2020"]
[Source "ChessBase"]
[SourceDate "2019.10.17"]
[SourceVersion "1"]
[SourceVersionDate "2019.10.17"]
[SourceQuality "1"]
[WhiteTeam "Bindlach II"]
[BlackTeam "Kronach"]
[WhiteTeamCountry "GER"]
[BlackTeamCountry "GER"]

1. d4 Nf6 2. Nf3 e6 3. Bg5 c5 4. e3 Qb6 5. Qc1 Ne4 6. Bh4 d5 7. c3 Nc6 8. Nbd2 f5 9. Be2 Bd6 10. 0-0 0-0 11. Nxe4 fxe4 12. dxc5 Qxc5 13. Nd4 Nxd4 14. cxd4 Qxc1 15. Raxc1 Bd7 16. Bg3 Bxg3 17. hxg3 Rac8 18. Rfd1 Rxc1 19. Rxc1 Rc8 20. Rxc8+ Bxc8 21. f3 Bd7 22. Kf2 Kf7 23. f4 h6 24. g4 g5 25. g3 a5 1/2-1/2

[Event "Regionalliga NW 0708"]
[Site "Bayern"]
[Date "2007.11.04"]
[Round "2.5"]
[White "Tiller, Jaroslav"]
[Black "Vogt, Thomas"]
[Result "1-0"]
[WhiteElo "2083"]
[BlackElo "1948"]
[PlyCount "69"]
[EventDate "2007.10.21"]
[EventType "team-tourn"]
[EventRounds "9"]
[EventCountry "GER"]
[SourceTitle "EXT 2009"]
[Source "ChessBase"]
[SourceDate "2008.11.26"]
[SourceVersion "1"]
[SourceVersionDate "2008.11.26"]
[SourceQuality "1"]
[WhiteTeam "Bindlach III"]
[BlackTeam "Wuerzburg II"]
[WhiteTeamCountry "GER"]
[BlackTeamCountry "GER"]

1. d4 Nf6 2. Nf3 e6 3. Bg5 Be7 4. Nbd2 c5 5. e3 h6 6. Bh4 cxd4 7. exd4 Nh5 8. Bxe7 Qxe7 9. g3 Nf6 10. Bg2 Nc6 11. 0-0 d5 12. c3 0-0 13. Ne5 Nxe5 14. dxe5 Nd7 15. f4 b5 16. a3 Nb6 17. Nf3 Bd7 18. Nd4 a5 19. Nc2 Rfc8 20. Qd4 Na4 21. Rab1 Rd8 22. Rfd1 Bc6 23. Qe3 Rac8 24. Nd4 b4 25. cxb4 axb4 26. Rdc1 Be8 27. Kh1 bxa3 28. bxa3 Qa7 29. Rb4 Qa6 30. Bf1 Qa8 31. f5 Rxc1 32. Qxc1 exf5 33. Nxf5 g6 34. Qxh6 gxf5 35. Rh4 1-0

[Event "Regionalliga NW 0708"]
[Site "Bayern"]
[Date "2007.10.21"]
[Round "1.7"]
[White "Suess, Mirco"]
[Black "Tiller, Jaroslav"]
[Result "1/2-1/2"]
[WhiteElo "1954"]
[BlackElo "2083"]
[PlyCount "192"]
[EventDate "2007.10.21"]
[EventType "team-tourn"]
[EventRounds "9"]
[EventCountry "GER"]
[SourceTitle "EXT 2009"]
[Source "ChessBase"]
[SourceDate "2008.11.26"]
[SourceVersion "1"]
[SourceVersionDate "2008.11.26"]
[SourceQuality "1"]
[WhiteTeam "Klingenberg"]
[BlackTeam "Bindlach III"]
[WhiteTeamCountry "GER"]
[BlackTeamCountry "GER"]

1. e4 c5 2. c4 Nc6 3. Nc3 g6 4. g3 Bg7 5. Bg2 Nf6 6. Nge2 0-0 7. 0-0 d6 8. d3 Ne8 9. h3 Nc7 10. f4 f5 11. Kh2 Ne6 12. Rb1 Ned4 13. a3 Rb8 14. b4 b6 15. b5 Nxe2 16. Nxe2 Nd4 17. Nxd4 cxd4 18. a4 Bb7 19. exf5 Bxg2 20. Kxg2 gxf5 21. Qf3 Qd7 22. Ba3 Qb7 23. Rbe1 Qxf3+ 24. Kxf3 Kf7 25. g4 fxg4+ 26. hxg4 Rbd8 27. Rh1 Rh8 28. Rh5 e6 29. Reh1 h6 30. f5 exf5 31. Rxf5+ Kg6 32. Re1 Rhe8 33. Rxe8 Rxe8 34. Bc1 Re1 35. Bf4 Rf1+ 36. Ke4 Rg1 37. Bxd6 Rxg4+ 38. Rf4 Rg1 39. Bb8 Re1+ 40. Kd5 Re7 41. Re4 Rf7 42. Be5 Bxe5 43. Kxe5 Kg5 44. Rxd4 Re7+ 45. Kd6 Re3 46. c5 bxc5 47. Kxc5 h5 48. a5 h4 49. b6 axb6+ 50. axb6 h3 51. Rd8 Re7 52. Rh8 Kg4 53. d4 Kg3 54. d5 h2 55. Kc6 Re8 56. Rh7 Re1 57. b7 Rc1+ 58. Kd7 Rb1 59. Kc8 Rc1+ 60. Kd8 Rb1 61. d6 Rxb7 62. Rxb7 h1Q 63. Rg7+ Kf4 64. Re7 Qa8+ 65. Kd7 Qb7+ 66. Ke6 Qb3+ 67. Kd7 Kf5 68. Kc6 Qc4+ 69. Kd7 Qb5+ 70. Kc7 Qc5+ 71. Kd7 Qb5+ 72. Kc7 Kf6 73. Rd7 Qc5+ 74. Kd8 Ke6 75. Re7+ Kxd6 76. Rd7+ Ke6 77. Rb7 Qc6 78. Re7+ Kd5 79. Rd7+ Ke6 80. Re7+ Kf6 81. Rc7 Qd6+ 82. Kc8 Ke6 83. Kb7 Qb4+ 84. Kc6 Qa4+ 85. Kc5 Qa5+ 86. Kc6 Qd5+ 87. Kb6 Kd6 88. Rc8 Qb3+ 89. Ka7 Kd7 90. Rb8 Qa4+ 91. Kb6 Qb4+ 92. Ka7 Qa5+ 93. Kb7 Qd5+ 94. Kb6 Qc6+ 95. Ka7 Kc7 96. Rc8+ Kxc8 1/2-1/2